EG auctions (Record no. 79393)
[ view plain ]
| 000 -LEADER | |
|---|---|
| fixed length control field | 00858cab a22002055a 4500 |
| 001 - CONTROL NUMBER | |
| control field | L140960 |
| 008 - FIXED-LENGTH DATA ELEMENTS--GENERAL INFORMATION | |
| fixed length control field | 071023e20071020xxk f 000 0 eng d |
| 035 ## - SYSTEM CONTROL NUMBER | |
| System control number | (Sirsi) u140960 |
| 041 0# - LANGUAGE CODE | |
| Language code of text/sound track or separate title | eng |
| 100 1# - MAIN ENTRY--PERSONAL NAME | |
| Personal name | Maxwell, Estelle |
| 245 00 - TITLE STATEMENT | |
| Title | EG auctions |
| 260 ## - PUBLICATION, DISTRIBUTION, ETC. | |
| Date of publication, distribution, etc. | 2007 |
| 490 #0 - SERIES STATEMENT | |
| Series statement | Estates Gazette |
| Volume/sequential designation | (0742) 20 October 2007, 99-117(10) |
| 520 ## - SUMMARY, ETC. | |
| Summary, etc. | Discusses future prospects for the auction market following the implosion of the US sub-prime market, UK interest rate rises and the Northern Rock crisis. Speculates on the content of the third RICS "Common auction conditions", due to be consulted on in early 2008, and highlights various issues of debate. |
| 590 ## - LOCAL NOTE (RLIN) | |
| Local note | KA |
| 650 24 - SUBJECT ADDED ENTRY--TOPICAL TERM | |
| Topical term or geographic name entry element | RICS COMMON AUCTION CONDITIONS FOR AUCTIONS OF REAL ESTATE IN ENGLAND AND WALES |
| 651 #4 - SUBJECT ADDED ENTRY--GEOGRAPHIC NAME | |
| Geographic name | United Kingdom |
| Chronological subdivision | |
| 690 ## - LOCAL SUBJECT ADDED ENTRY--TOPICAL TERM (OCLC, RLIN) | |
| Topical term or geographic name as entry element | Auctioneering |
| 9 (RLIN) | 6218 |
| 942 ## - ADDED ENTRY ELEMENTS (KOHA) | |
| Suppress in OPAC | 0 |
| Withdrawn status | Lost status | Source of classification or shelving scheme | Damaged status | Not for loan | Home library | Current library | Shelving location | Date acquired | Total Checkouts | Full call number | Barcode | Date last seen | Copy number | Price effective from | Koha item type |
|---|---|---|---|---|---|---|---|---|---|---|---|---|---|---|---|
| Dewey Decimal Classification | London | London | Journal article | 23/10/2007 | L140960 | 140960-1001 | 06/08/2019 | 1 | 06/08/2019 | Journal article |